Collectanea medica: Letter on the diet of Alexander the Great

Bibliographic Details
Corporate Authors: Hippocrates (Author), Adam Matthew Digital (Firm) (digitiser.)
Format: eBook
Language:English
Published: Marlborough, Wiltshire : Adam Matthew Digital, 2019.
Series:AM Scholar: Medieval and Early Modern Studies.
Subjects:
Online Access:Connect to the full text of this electronic book

MARC

Tag First Indicator Second Indicator Subfields
LEADER 00000cam a2200000Mi 4500
001 in00005488539
006 m o u
007 cr |n|---uuuuu
008 190530s2019 enk o ||| 0 eng d
005 20240917182233.4
035 |a (OCoLC)on1149272384 
040 |a UKAMD  |b eng  |c UKAMD  |d OCLCO 
035 |a (OCoLC)1149272384 
049 |a TXAM 
245 0 0 |a Collectanea medica: Letter on the diet of Alexander the Great  |g 1400-1499. 
264 1 |a Marlborough, Wiltshire :  |b Adam Matthew Digital,  |c 2019. 
300 |a 1 online resource. 
336 |a text  |b txt  |2 rdacontent 
337 |a computer  |b c  |2 rdamedia 
338 |a online resource  |b cr  |2 rdacarrier 
490 1 |a AM Scholar: Medieval and Early Modern Studies. 
500 |a Sloane 3866. 93ff. 
534 |p Reproduction of:  |t Collectanea medica: Letter on the diet of Alexander the Great  |c 1400-1499. 
535 1 |a The British Library 
542 |f The British Library Board 
588 0 |a Description based on online resource (viewed on May 30, 2019). 
655 7 |a Electronic books.  |2 local 
710 2 |a Hippocrates,  |e author. 
710 2 |a Adam Matthew Digital (Firm),  |e digitiser. 
830 0 |a AM Scholar: Medieval and Early Modern Studies. 
856 4 0 |u http://proxy.library.tamu.edu/login?url=https://www.amscholar.amdigital.co.uk/Documents/Details/HST_Series1_Part8_Reel152_Vol1  |z Connect to the full text of this electronic book  |t 0 
955 |a Adam Matthew Scholar Medieval and Early Modern Studies 
994 |a 92  |b TXA 
999 f f |s 67a3fb5f-5d7f-4224-b613-2acb8cba3584  |i 20e376ca-606b-45cf-ae66-f9ce9d47ce9f  |t 0 
952 f f |a Texas A&M University  |b College Station  |c Electronic Resources  |d Available Online  |t 0  |h Library of Congress classification 
998 f f |t 0  |l Available Online